000 00323nam a22001457a 4500
020 _a978-93-5549-260-9
082 _a823
_bIND/A
100 _aINDUGOPAN, G.R
245 _aAMMINIPILLA VETTUCASE
260 _aKOZHIKODE
_bMATHRUBHUMI BOOKS
_c2022
300 _a101
520 _aSTORY
650 _aSHORT STORY
942 _cBK
999 _c7065
_d7065